000 00884nam a2200253Ia 4500
001 2912
003 GE_BSU
008 181216s||||||||xx |||||||||||||| ||und||
020 _a5851730625;0673521869
040 _cGE_BSU
080 _a339.9(075.8)
100 _aКругман П.Р Обстфельд, М;
245 _aМеждународная экономика: Теория и политика =International Economics
245 _cПер. с. Англ. под. ред. В. П. Колесова, М.В. Кулакова.
260 _aМосква
260 _bЭкономический факультет МГУ, ЮНИТИ»
260 _c1997
300 _a799 ст. 26 см.
520 _aАНГ. РУССК
541 _h36 Л. 40т
653 _aМежднародная экономика;
653 _aТеория и политика.
942 _cBK
999 _c36960
_d36960